Mỹ thuật châu Á - Quy pháp tạo hình và phong cách

Salvato in:
Dettagli Bibliografici
Natura: Sách giấy
Lingua:Vietnamese
Pubblicazione: Hà Nội : Mỹ thuật , 1995
Soggetti:
Tags: Aggiungi Tag
Nessun Tag, puoi essere il primo ad aggiungerne! !
Thư viện lưu trữ: Thư viện Trường Đại học Đà Lạt
LEADER 00611nam a2200253 4500
001 DLU020012671
005 ##5/27/2000
020 # # |a 978- 
041 # # |a vie 
082 # # |a 709.5  |b Myt 
090 # # |a 709.5  |b Myt 
245 # # |a Mỹ thuật châu Á - Quy pháp tạo hình và phong cách 
260 # # |a Hà Nội :  |b Mỹ thuật ,  |c 1995 
300 # # |a 608 tr.;   |c 20 cm. 
650 # # |a Mỹ thuật  |z Châu Á  |x Lịch sử. 
992 # # |a 55000 
994 # # |a DLU 
900 # # |a False 
911 # # |a Administrator 
925 # # |a G 
926 # # |a A 
927 # # |a SH 
980 # # |a Thư viện Trường Đại học Đà Lạt